000 00764pam a2200253 a 4500
001 2140737
005 20260313115316.0
008 980303s1998 ilu b 000 0 eng
020 _a1561796271
020 _a9781561796274
050 0 0 _aHQ799.15
_b.S63 1998
082 0 0 _a649/.125
_221
100 1 _aSmalley, Gary.
245 1 0 _aBound by honor :
_bfostering a great relationship with your teen /
_cGary & and Greg Smalley.
260 _aWheaton, Ill. :
_bTyndale House Publishers,
_cc1998.
300 _a222 p. ;
_c24 cm.
500 _aAt head of title: Focus on the Family.
650 0 _aParent and teenager.
650 0 _aHonor.
650 0 _aAnger.
700 1 _aSmalley, Greg.
710 2 _aFocus on the Family (Organization)
942 _2lcc
_cBK
_n0
999 _c9015
_d9015